zpět

Detail výsledku týmu

Pivovarský Dvůr PO, Liberec

Datum a čas kvízu

23 Celkem bodů Celkový počet nahraných bodů na tomto kvízu bez doplňovacích otázek.
14. Pořadí na kvízu Konečné umístění týmu na tomto kvízu.

Zaznamenané odpovědi

# Otázka Odpověď Body Výsledky
1. Letitá ikonická story o „bábě... Plzeň 0
2. Slovenská vláda schválila plán... medvěd 1
3. Minulý týden jsme se definitiv... Votvírák 1
4. Jak se jmenuje horská chata le... Luční bouda 1
5. Dvojnásobná grandslamová šampi... Jiří Novák 0
6. Fanoušci komiksů, sci-fi, fant... cosplay 0
7. Hlavní postavy ze seriálu Teor... Stuart 0
8. Jedním z nejoblíbenějších komi... 1D 2C 3B 4A 1
9. Jak se jmenuje muž, který nakr... Kája (Karel) Saudek 1
10. V současné době vychází v komi... Karel Jaromír Erben, Kytice 0